[Event "ROM-ch U10"]
[Site "Calimanesti"]
[Date "2014.04.11"]
[Round "7"]
[White "Nemet Deak, Bence"]
[Black "Lupu, David Stefan"]
[Result "1-0"]
[WhiteElo "1164"]
[BlackElo "1168"]
[PlyCount "49"]
[EventDate "2014.04.06"]
[EventType "swiss"]
[EventRounds "9"]
[EventCountry "ROU"]
[SourceTitle "CBM 160 Extra"]
[Source "ChessBase"]
[SourceDate "2014.07.01"]
[SourceVersion "1"]
[SourceVersionDate "2014.07.01"]
[SourceQuality "1"]

1. e4 e5 2. Nf3 Nc6 3. Bb5 a6 4. Ba4 d6 5. h3 Nf6 6. d3 g6 7. 0-0 Bg7 8. Bg5 0-0 9. Nc3 Qe7 10. Qd2 d5 11. Qd1 b5 12. Bb3 d4 13. Nb1 a5 14. a4 b4 15. Bc4 Ba6 16. Bxa6 Rxa6 17. Nbd2 Na7 18. Ne1 Qe6 19. Nef3 c5 20. Nb3 Rc8 21. Re1 c4 22. dxc4 Qxc4 23. Re2 Nh5 24. Qd3 Qc6 25. Nxa5 1-0